|
|
|
|
| LEADER |
01527nam a2200277 i 4500 |
| 003 |
GR-PaULI |
| 005 |
20241220105114.0 |
| 008 |
180627s2010 gr g 000 1 gre d |
| 952 |
|
|
|0 0
|1 0
|2 ddc
|4 0
|6 889_334000000000000_ΠΙΕ
|7 0
|9 223688
|a LISP
|b LISP
|c DON
|d 2018-06-27
|e ΒΑΛ
|i 128458
|l 0
|o 889.334 ΠΙΕ
|p 025000246420
|r 2018-06-27 00:00:00
|t 1
|y BK15
|
| 952 |
|
|
|0 0
|1 0
|2 ddc
|4 0
|6 889_334000000000000_ΠΙΕ
|7 1
|9 362526
|a LISP
|b LISP
|c DON
|d 2022-07-14
|e ΨΥΧ
|i 257878
|l 0
|o 889.334 ΠΙΕ
|p 025000293947
|r 2022-07-14 00:00:00
|t 2
|w 2022-07-14
|y BKN
|
| 999 |
|
|
|c 135159
|d 135159
|
| 020 |
|
|
|a 97896014411
|
| 040 |
|
|
|a GR-PaULI
|b gre
|c GR-PaULI
|e AACR2
|
| 041 |
1 |
|
|a gre
|k fre
|
| 082 |
0 |
4 |
|2 23
|a 889.334
|
| 100 |
1 |
|
|9 169796
|a Πιερράκου, Μαρία
|e συγγραφέας.
|
| 245 |
1 |
2 |
|a Η γυναίκα του ζωγράφου :
|b η περί της σωστής διαχείρησης του μαζοχισμού /
|c Μαρία Πιερράκου : μετάφραση Ευδοξία Δελλή, Μίρκα Σκάρα.
|
| 260 |
|
|
|a Αθήνα :
|b Εστία,
|c 2010.
|
| 300 |
|
|
|a 84 σ. ;
|c 21 εκ.
|
| 490 |
1 |
|
|a Μαρτυρίες-Βιογραφίες / Εστία
|
| 700 |
1 |
|
|9 82294
|a Δελλή, Ευδοξία
|e μεταφράστρια
|
| 700 |
1 |
|
|a Σκάρα, Μίρκα
|e μεταφράστρια
|9 2987
|
| 765 |
0 |
8 |
|i Μετάφραση του:
|t Le femme du peintre : ou du bon usage du masochisme
|
| 830 |
|
0 |
|a Μαρτυρίες και βιογραφίες (Εστία)
|9 162949
|
| 942 |
|
|
|2 ddc
|c BK15
|
| 998 |
|
|
|c ΣΑΤΛΑΝΗΣ
|d 2018-06
|